Report of the proceedings of the committee for the year 1959 (Record no. 500961)

000 -LEADER
fixed length control field 00447cam a22001097a 4500
008 - FIXED-LENGTH DATA ELEMENTS--GENERAL INFORMATION
fixed length control field 180718b1960 xxu||||| |||| 00| 0 eng d
082 ## - DEWEY DECIMAL CLASSIFICATION NUMBER
Classification number R75x54 Al51/59
245 ## - TITLE STATEMENT
Title Report of the proceedings of the committee for the year 1959
Statement of responsibility, etc. by All-India Organisation of Industrial Employers, India
260 ## - PUBLICATION, DISTRIBUTION, ETC.
Place of publication, distribution, etc. New Delhi
Name of publisher, distributor, etc. All-India Organisation of Industrial Employers
Date of publication, distribution, etc. 1960
300 ## - PHYSICAL DESCRIPTION
Extent 113p.
700 ## - ADDED ENTRY--PERSONAL NAME
Personal name India. All-India Organisation of Industrial Employers
Holdings
Withdrawn status Lost status Damaged status Not for loan Permanent Location Current Location Date acquired Full call number Barcode Date last seen Price effective from Koha item type
        Indian Institute of Public Administration Indian Institute of Public Administration 2018-08-04 R75x54 Al51/59 GR5449 2018-08-04 2018-08-04 GR

Powered by Koha